Văn học dân gian người Việt góc nhìn thể loại
Giới thiệu một số tiểu luận, chuyên khảo, bài viết ngắn về văn học dân gian người Việt theo hướng nghiên cứu thể loại
Wedi'i Gadw mewn:
| Prif Awdur: | |
|---|---|
| Fformat: | Llyfr |
| Iaith: | Undetermined |
| Cyhoeddwyd: |
Hà Nội
Lao động
2012
|
| Pynciau: | |
| Tagiau: |
Ychwanegu Tag
Dim Tagiau, Byddwch y cyntaf i dagio'r cofnod hwn!
|
| Thư viện lưu trữ: | Trung tâm Học liệu Trường Đại học Cần Thơ |
|---|
| LEADER | 00934nam a2200217Ia 4500 | ||
|---|---|---|---|
| 001 | CTU_179633 | ||
| 008 | 210402s9999 xx 000 0 und d | ||
| 082 | |a 398.209597 | ||
| 082 | |b H403 | ||
| 100 | |a Kiều, Thu Hoạch | ||
| 245 | 0 | |a Văn học dân gian người Việt góc nhìn thể loại | |
| 245 | 0 | |c Kiều Thu Hoạch | |
| 260 | |a Hà Nội | ||
| 260 | |b Lao động | ||
| 260 | |c 2012 | ||
| 520 | |a Giới thiệu một số tiểu luận, chuyên khảo, bài viết ngắn về văn học dân gian người Việt theo hướng nghiên cứu thể loại | ||
| 526 | |a Văn học dân gian Việt Nam,Truyền thuyết và giai thoại về nhân vật lịch sử Nam bộ | ||
| 526 | |b SP512,XHV601 | ||
| 650 | |a Folk literature,Văn học dân gian | ||
| 910 | |a Nguyên | ||
| 980 | |a Trung tâm Học liệu Trường Đại học Cần Thơ | ||